[Event "TUR-chT 2nd League"]
[Site "Denizli"]
[Date "2023.07.14"]
[Round "8.152"]
[White "Manas, Eren"]
[Black "Gozebe, Soner"]
[Result "1-0"]
[WhiteElo "1602"]
[BlackElo "1628"]
[PlyCount "97"]
[EventDate "2023.07.09"]
[EventType "team-swiss"]
[EventRounds "9"]
[EventCountry "TUR"]
[SourceTitle "CBM 215 Extra"]
[Source "ChessBase"]
[SourceDate "2023.09.30"]
[SourceVersion "1"]
[SourceVersionDate "2023.09.30"]
[SourceQuality "1"]
[WhiteTeam "Pamukkale Yonetimi"]
[BlackTeam "Altin Hamle Corum"]
[WhiteTeamCountry "TUR"]
[BlackTeamCountry "TUR"]

1. e4 d6 2. d4 Nd7 3. Nf3 e5 4. Bc4 Be7 5. 0-0 Ngf6 6. Nc3 c6 7. a4 0-0 8. Bb3 exd4 9. Qxd4 Qc7 10. Bf4 Ng4 11. Qd2 Nc5 12. Ba2 Ne6 13. Bg3 h6 14. Rad1 Ne5 15. Nh4 Re8 16. Nf5 Qb6 17. Nxe7+ Rxe7 18. Qxd6 Ng6 19. Qa3 a5 20. Bd6 Re8 21. Qb3 Qa7 22. Kh1 b6 23. f3 Ba6 24. Rfe1 Rad8 25. Ne2 h5 26. Ng3 h4 27. Nf5 b5 28. Qc3 h3 29. gxh3 bxa4 30. Rg1 Kh7 31. Qe1 c5 32. c3 c4 33. Qg3 Rh8 34. e5 Qb7 35. Bb1 Kg8 36. Nd4 Nxd4 37. Rxd4 Rh7 38. e6 fxe6 39. Bxg6 Rh6 40. Be4 Qf7 41. Qxg7+ Qxg7 42. Rxg7+ Kxg7 43. Be5+ Kf7 44. Rxd8 Rxh3 45. Ra8 Bb5 46. Rxa5 Bd7 47. Ra7 Ke8 48. Kg2 Rh6 49. Bg7 1-0

[Event "TUR-chT 2nd League"]
[Site "Konya"]
[Date "2019.07.25"]
[Round "5.12"]
[White "Bekiragaoglu, Umut"]
[Black "Gozebe, Soner"]
[Result "1-0"]
[WhiteElo "1822"]
[BlackElo "1656"]
[PlyCount "57"]
[EventDate "2019.07.22"]
[EventType "team-swiss"]
[EventRounds "9"]
[EventCountry "TUR"]
[SourceTitle "CBM 191 Extra"]
[Source "ChessBase"]
[SourceDate "2019.09.30"]
[SourceVersion "1"]
[SourceVersionDate "2019.09.30"]
[SourceQuality "1"]
[WhiteTeam "Calli Spor"]
[BlackTeam "Corum Belediye"]
[WhiteTeamCountry "TUR"]
[BlackTeamCountry "TUR"]

1. e4 c5 2. Nf3 d6 3. d4 cxd4 4. Nxd4 Nf6 5. f3 a6 6. c4 g6 7. Nc3 Bg7 8. Be2 Nc6 9. Nc2 Rb8 10. Be3 Be6 11. 0-0 0-0 12. Qd2 Ne5 13. Na3 Rc8 14. Nd5 Bxd5 15. cxd5 e6 16. dxe6 fxe6 17. Qb4 Qe7 18. Rfd1 Ne8 19. Rac1 Rxc1 20. Rxc1 Nc6 21. Qb6 d5 22. Bxa6 dxe4 23. Bxb7 Nb4 24. Rf1 exf3 25. Bxf3 Nd5 26. Bxd5 Rxf1+ 27. Kxf1 exd5 28. Nc2 h5 29. Qxg6 1-0

[Event "TUR-chT 2nd League"]
[Site "Konya"]
[Date "2018.07.21"]
[Round "8.5"]
[White "Ozsakallioglu, Akin"]
[Black "Gozebe, Soner"]
[Result "1-0"]
[WhiteElo "1884"]
[BlackElo "1609"]
[PlyCount "49"]
[EventDate "2018.07.16"]
[EventType "team-swiss"]
[EventRounds "9"]
[EventCountry "TUR"]
[SourceTitle "EXT 2019"]
[Source "ChessBase"]
[SourceDate "2018.10.10"]
[SourceVersion "1"]
[SourceVersionDate "2018.10.10"]
[SourceQuality "1"]
[WhiteTeam "Koroglu Dernegi"]
[BlackTeam "Corum Belediye"]
[WhiteTeamCountry "TUR"]
[BlackTeamCountry "TUR"]

1. e4 e5 2. Nf3 Nf6 3. Nxe5 d6 4. Nc4 Nxe4 5. Qe2 Qe7 6. Ne3 c6 7. b3 Qe5 8. c3 d5 9. Bb2 Be6 10. d3 Nf6 11. Nd2 Be7 12. g3 Nbd7 13. f4 Qh5 14. Qxh5 Nxh5 15. f5 Bg5 16. fxe6 Bxe3 17. exd7+ Kxd7 18. Bh3+ Kc7 19. 0-0-0 Rae8 20. Kc2 g6 21. Nf3 f5 22. Bc1 Bf2 23. Rhf1 Re2+ 24. Rd2 Rhe8 25. Rxf2 1-0

[Event "TUR-chT 2nd League"]
[Site "Konya"]
[Date "2018.07.19"]
[Round "5.8"]
[White "Gozebe, Soner"]
[Black "Kilicbay, Mustafa"]
[Result "1/2-1/2"]
[WhiteElo "1609"]
[BlackElo "1889"]
[PlyCount "183"]
[EventDate "2018.07.16"]
[EventType "team-swiss"]
[EventRounds "9"]
[EventCountry "TUR"]
[SourceTitle "EXT 2019"]
[Source "ChessBase"]
[SourceDate "2018.10.10"]
[SourceVersion "1"]
[SourceVersionDate "2018.10.10"]
[SourceQuality "1"]
[WhiteTeam "Corum Belediye"]
[BlackTeam "Istanbul Sisli"]
[WhiteTeamCountry "TUR"]
[BlackTeamCountry "TUR"]

1. e4 e5 2. Nf3 Nf6 3. Nc3 Bb4 4. Bc4 d6 5. d3 h6 6. h3 c6 7. 0-0 0-0 8. Qe2 Re8 9. Nd1 d5 10. Bb3 Nbd7 11. c3 Ba5 12. Bc2 Nf8 13. Nh2 Ng6 14. Ne3 d4 15. cxd4 Qxd4 16. Nc4 Bc7 17. Be3 Qd7 18. Rad1 b5 19. d4 exd4 20. Rxd4 Qe6 21. Nd2 c5 22. Rd3 c4 23. Rd4 Bb6 24. f4 Bxd4 25. Bxd4 Qd7 26. Qf2 Bb7 27. Bxf6 gxf6 28. Ng4 Kg7 29. e5 Red8 30. Ne4 Qd4 31. Ngxf6 Nxf4 32. Qxd4 Ne2+ 33. Kh2 Nxd4 34. Nh5+ Kf8 35. Bb1 Ke7 36. Nd6 Bd5 37. Rf6 Rg8 38. Nf4 Be6 39. Be4 Rad8 40. Nxe6 Rxd6 41. exd6+ Kxf6 42. Nxd4 Ke5 43. Nc6+ Kxe4 44. d7 Kd3 45. Nxa7 Kc2 46. Nxb5 Kxb2 47. Nd6 c3 48. Ne8 c2 49. d8Q c1Q 50. Qb6+ Ka1 51. Qf6+ Kb1 52. Qf5+ Qc2 53. Qf1+ Kb2 54. Qf6+ Qc3 55. Qf2+ Kc1 56. Qf1+ Kc2 57. Qf2+ Qd2 58. Qf5+ Kb2 59. Qf6+ Qc3 60. Qf2+ Ka3 61. Qa7+ Kb4 62. Qb6+ Ka3 63. Qa7+ Kb2 64. Qf2+ Qc2 65. Qf6+ Qc3 66. Qf2+ Kb1 67. Qf1+ Kc2 68. Qf2+ Qd2 69. Qc5+ Kd1 70. Qh5+ Qe2 71. Qd5+ Ke1 72. Qa5+ Qd2 73. Qe5+ Kf2 74. Qf5+ Ke3 75. Qe5+ Kd3 76. Qd5+ Kc2 77. Qc5+ Kb1 78. Qf5+ Kb2 79. Qe5+ Qc3 80. Qe2+ Kb1 81. Qf1+ Qc1 82. Qf5+ Kb2 83. Qf2+ Ka1 84. Qf6+ Kb1 85. Qf5+ Qc2 86. Qf1+ Kb2 87. Qf6+ Kc1 88. Qf1+ Qd1 89. Qc4+ Kb1 90. Qb4+ Kxa2 91. Qa5+ Kb2 92. Qe5+ 1/2-1/2

[Event "TUR-chT 2nd League"]
[Site "Konya"]
[Date "2018.07.18"]
[Round "4.13"]
[White "Eke, Salih"]
[Black "Gozebe, Soner"]
[Result "1-0"]
[WhiteElo "1816"]
[BlackElo "1609"]
[PlyCount "99"]
[EventDate "2018.07.16"]
[EventType "team-swiss"]
[EventRounds "9"]
[EventCountry "TUR"]
[SourceTitle "EXT 2019"]
[Source "ChessBase"]
[SourceDate "2018.10.10"]
[SourceVersion "1"]
[SourceVersionDate "2018.10.10"]
[SourceQuality "1"]
[WhiteTeam "Genc Efe Izcilik"]
[BlackTeam "Corum Belediye"]
[WhiteTeamCountry "TUR"]
[BlackTeamCountry "TUR"]

1. d4 c5 2. d5 e5 3. dxe6 fxe6 4. c4 d5 5. Nc3 Nf6 6. Bg5 d4 7. Ne4 Be7 8. Ng3 0-0 9. Nf3 Nc6 10. e3 e5 11. exd4 exd4 12. Bd3 Ng4 13. Bd2 Nce5 14. Qe2 Nxd3+ 15. Qxd3 Bd6 16. 0-0 Qc7 17. Ng5 g6 18. Qe4 Nf6 19. Qh4 Bxg3 20. hxg3 Bf5 21. Rfe1 Rae8 22. Bf4 Qd7 23. Be5 Ng4 24. Bd6 h6 25. Bxf8 hxg5 26. Qxg5 Kxf8 27. f3 Ne3 28. g4 Bd3 29. Qxc5+ Kg7 30. Kf2 b6 31. Qg5 Nc2 32. Rh1 Re2+ 33. Kg1 Nxa1 34. Qh4 Kf7 35. Qh7+ Ke6 36. Qg8+ Qf7 37. Qc8+ Kd6 38. Rh8 Re1+ 39. Kf2 Rf1+ 40. Kg3 Qc7 41. Qf8+ Kc6+ 42. f4 Qxf4+ 43. Qxf4 Rxf4 44. Kxf4 Bxc4 45. b3 Bf7 46. Rg8 Nc2 47. Rc8+ Kd5 48. Rxc2 d3 49. Rc8 Kd4 50. Rd8+ 1-0